A Socio Psychological Impact of Reading on Prisoners in Tamil Nadu (Record no. 26452)
[ view plain ]
| 000 -LEADER | |
|---|---|
| fixed length control field | 00579nam a22001457a 4500 |
| 082 ## - DEWEY DECIMAL CLASSIFICATION NUMBER | |
| Classification number | RB.0285 |
| 100 ## - MAIN ENTRY--AUTHOR NAME | |
| Personal name | Balasubramanian, P. |
| Affiliation | Manonmaniam Sundaranar University |
| Place | Tamil Nadu |
| 245 ## - TITLE STATEMENT | |
| Title | A Socio Psychological Impact of Reading on Prisoners in Tamil Nadu |
| Sub Title | - An Analysis |
| 260 ## - PUBLICATION, DISTRIBUTION, ETC. (IMPRINT) | |
| Place of publication | Tamil Nadu |
| Year of publication | 2017 |
| 300 ## - PHYSICAL DESCRIPTION | |
| Number of Pages | 186p. |
| 504 ## - BIBLIOGRAPHY, ETC. NOTE | |
| Bibliography, etc | Includes Bibliography and appendix |
| 536 ## - FUNDING INFORMATION NOTE | |
| Funding Agency | Indian Council of Social Science Research, New Delhi |
| 650 ## - SUBJECT ADDED ENTRY--TOPICAL TERM | |
| Topical Term | psychology |
| Form subdivision | socio- psychology |
| -- | Reading interests-habits |
| -- | human behaviour-prisoners |
| Geographic subdivision | Tamil Nadu |
| -- | India |
| 942 ## - ADDED ENTRY ELEMENTS (KOHA) | |
| Source of classification or shelving scheme | Dewey Decimal Classification |
| Koha item type | Research Reports |
| Withdrawn status | Lost status | Damaged status | Not for loan | Collection code | Home library | Current library | Date acquired | Source of acquisition | Full call number | Accession Number | Price effective from | Koha item type |
|---|---|---|---|---|---|---|---|---|---|---|---|---|
| Not For Loan | ICSSR Research Project Reports | NASSDOC Library | NASSDOC Library | 12/01/2021 | Gifted by: RP Division, ICSSR | RB.0285 | 51150 | 22/01/2021 | Research Reports |
